• 首页
  • 本馆介绍
  • 公告通知
  • 最新文献
  • 馆藏检索
  • 电子资源
  • 读者导购
  • 参考咨询
  • 我的图书馆
  • 登录
  • 详细信息显示
  • 放入我的书架
  • 预约/预借图书
  • 作者相关作品
  • 分类相关作品
  • 丛书相关作品
  • 出版社相关作品

书目信息

  • 表格格式
  • 工作单格式
  • 卡片格式
题名:
《聊斋志异》中的冤狱疑案
    
 
作者: ;群众出版社 编
分册:  
出版信息: 北京   群众出版社  1980
页数: 114页
开本: 19cm
丛书名:
单 册:
中图分类: I242.1 , I207.4
科图分类:
主题词: 古典小说--中国--清代--选集 , 短篇小说--中国--清代--选集 , 文学--中国
电子资源:
ISBN:
000 00724nam0 2200253 450
001 1550875972
005 20150119140830.26
010    @dCNY0.35
091    @a10067.170
100    @a19980602d1980 em y0chiy0110 ea
101 0  @achi
102    @aCN@b110000
105    @ay z 000ay
200 1  @a《聊斋志异》中的冤狱疑案@A《 liao zhai zhi yi》 zhong de yuan yu yi an@e外一种@f群众出版社编
210    @a北京@c群众出版社@d1980
215    @a114页@d19cm
606 0  @a古典小说@y中国@z清代@x选集
606 0  @a短篇小说@y中国@z清代@x选集
606 0  @a文学@x中国
690    @aI242.1@v3
690    @aI207.4@v4
711 02 @a群众出版社@Aqun zhong chu ban she@4编
801  0 @aCN@bNLC@c20101222
905    @aZUCC@dI207.4@eJY463
    
    《聊斋志异》中的冤狱疑案:外一种/群众出版社编.-北京:群众出版社,1980
    114页;19cm
    
    
    ISBN :CNY0.35
    
●
相关链接 在E读中查询图书 在五车中查询图书 在当当中查询图书 在豆瓣中查询图书


正题名:《聊斋志异》中的冤狱疑案     索取号:I207.4/JY463         预约/预借

序号 登录号 条形码 馆藏地/架位号 状态 备注
1 7835178   278351784   学院路分馆/ [索取号:I207.4/JY463] 在馆    
2 7835179   278351793   学院路分馆/ [索取号:I207.4/JY463] 在馆    
3 7835180   278351800   学院路分馆/ [索取号:I207.4/JY463] 在馆    
4 7835181   278351819   学院路分馆/ [索取号:I207.4/JY463] 在馆    
唐山师范学院图书馆 欢迎您!
大连网信软件有限公司© 版权所有